Takhar and Takhar v Wolverhampton MBC (Record no. 70349)
[ view plain ]
| 000 -LEADER | |
|---|---|
| fixed length control field | 01381cam a2200217 4500 |
| 001 - CONTROL NUMBER | |
| control field | ABS65492 |
| 008 - FIXED-LENGTH DATA ELEMENTS--GENERAL INFORMATION | |
| fixed length control field | 020524n2002 000 0 eng u |
| 035 ## - SYSTEM CONTROL NUMBER | |
| System control number | (Sirsi) u118132 |
| 245 ## - TITLE STATEMENT | |
| Title | Takhar and Takhar v Wolverhampton MBC |
| 260 ## - PUBLICATION, DISTRIBUTION, ETC. | |
| Date of publication, distribution, etc. | 2002 |
| 490 ## - SERIES STATEMENT | |
| Series statement | Rating and Valuation Reporter |
| Volume/sequential designation | [2002] RVR 96-124(28) |
| 520 ## - SUMMARY, ETC. | |
| Summary, etc. | LT 18 January 1999. Claimants (T) sought compensation for the compulsory purchase of a four storey terrace building comprising five houses with a redevelopment site at rear which was in a conservation area. Valuation date was 11 December 1995. T made two valuations of the building:(a) refurbishment basis assuming available grants (b) demolition basis. Council (W) valued site at rear only and claimed no refurbishment grants would be available and demolition consent would not have been given. The building was duly refurbished after compulsory purchase mainly from W's funds. "Held" that the compensation payable by W to T should be £97 500. |
| 590 ## - LOCAL NOTE (RLIN) | |
| Local note | ABS |
| 650 ## - SUBJECT ADDED ENTRY--TOPICAL TERM | |
| Topical term or geographic name entry element | LAND COMPENSATION ACT 1961 s15(3) |
| 650 ## - SUBJECT ADDED ENTRY--TOPICAL TERM | |
| Topical term or geographic name entry element | POINTE GOURDE QUARRYING AND TRANSPORT CO LTD V CROWN LANDS SUPERINTENDENT |
| 650 ## - SUBJECT ADDED ENTRY--TOPICAL TERM | |
| Topical term or geographic name entry element | REFURBISHMENT BASIS |
| 650 ## - SUBJECT ADDED ENTRY--TOPICAL TERM | |
| Topical term or geographic name entry element | DEMOLITION BASIS |
| 650 ## - SUBJECT ADDED ENTRY--TOPICAL TERM | |
| Topical term or geographic name entry element | TAKHAR AND TAKHAR V WOLVERHAMPTON MBC |
| 690 ## - LOCAL SUBJECT ADDED ENTRY--TOPICAL TERM (OCLC, RLIN) | |
| Topical term or geographic name as entry element | ENVIRONMENTAL AND LAND CONSULTANCY-PLANNING AND DEVELOPMENT-COMPULSORY PURCHASE AND COMPENSATION |
| 942 ## - ADDED ENTRY ELEMENTS (KOHA) | |
| Suppress in OPAC | 0 |
| Withdrawn status | Lost status | Source of classification or shelving scheme | Damaged status | Not for loan | Home library | Current library | Shelving location | Date acquired | Total Checkouts | Full call number | Barcode | Date last seen | Copy number | Price effective from | Koha item type |
|---|---|---|---|---|---|---|---|---|---|---|---|---|---|---|---|
| Dewey Decimal Classification | London | London | Journal article | 24/05/2002 | ABS65492 | 118132-1001 | 06/08/2019 | 1 | 06/08/2019 | Law report |